000 00351nam a22001457a 4500
008 230414b ||||| |||| 00| 0 eng d
020 _a0314232338
041 _aeng
080 _2THIRD EDITION
_a34
082 _a34ABE
100 _a31
101 _aJURE
245 _aCIVIL RIGHTS AND CONSTITUTIONAL LITIGATION
_cABERNATHY .F.CH
942 _2udc
_cBK
999 _c59562
_d59562